Martin Rico y Ortega (Record no. 5097)
[ view plain ]
| 000 -CABECERA | |
|---|---|
| campo de control de longitud fija | 01042nam a2200289 a 4500 |
| 001 - NÚMERO DE CONTROL | |
| campo de control | BRCA_5403 |
| 005 - FECHA Y HORA DE LA ÚLTIMA TRANSACCIÓN | |
| campo de control | 20190320205049.0 |
| 008 - DATOS DE LONGITUD FIJA--INFORMACIÓN GENERAL | |
| campo de control de longitud fija | 770524s1937 nyua######---#001-0#eng-# |
| 041 ## - CÓDIGO DE LENGUA | |
| Código de lengua del texto/banda sonora o título independiente | eng |
| 044 ## - CÓDIGO DEL PAÍS DE LA ENTIDAD EDITORA/PRODUCTORA | |
| Código MARC del país | nyu |
| 050 #4 - SIGNATURA TOPOGRÁFICA DE LA BIBLIOTECA DEL CONGRESO | |
| Número de clasificación | ND813.R52 |
| Número de documento/Ítem | .T73 1937 |
| 100 1# - ENTRADA PRINCIPAL--NOMBRE DE PERSONA | |
| Nombre de persona | Trapier, Elizabeth du Gué |
| 9 (RLIN) | 13810 |
| 245 10 - MENCIÓN DE TÍTULO | |
| Título | Martin Rico y Ortega |
| Resto del título | in the collection of the Hispanic Society of America |
| Mención de responsabilidad, etc. | by Elizabeth Du Gué Trapier |
| 260 ## - PUBLICACIÓN, DISTRIBUCIÓN, ETC. | |
| Lugar de publicación, distribución, etc. | Nueva York |
| Nombre del editor, distribuidor, etc. | Order of the Trustees |
| Fecha de publicación, distribución, etc. | 1937 |
| 300 ## - DESCRIPCIÓN FÍSICA | |
| Extensión | 44 p. |
| Otras características físicas | il., 287 láminas |
| Dimensiones | 19 cm. |
| 440 #0 - MENCIÓN DE SERIE/PUNTO DE ACCESO ADICIONAL--TÍTULO | |
| Título | Hispanic notes & monographs: essays, studies, and brief biographies issued by the Hispanic Society of America |
| 9 (RLIN) | 7657 |
| 500 ## - NOTA GENERAL | |
| Nota general | Incluye índice alfabético |
| 500 ## - NOTA GENERAL | |
| Nota general | M21 |
| 504 ## - NOTA DE BIBLIOGRAFÍA, ETC. | |
| Nota de bibliografía, etc. | Bibliografía: p. 33-35 |
| 600 14 - PUNTO DE ACCESO ADICIONAL DE MATERIA--NOMBRE DE PERSONA | |
| Nombre de persona | Rico y Ortega, Martín |
| Fechas asociadas al nombre | 1833-1908 |
| 9 (RLIN) | 13811 |
| 650 14 - PUNTO DE ACCESO ADICIONAL DE MATERIA--TÉRMINO DE MATERIA | |
| Término de materia o nombre geográfico como elemento de entrada | Pintores españoles |
| 9 (RLIN) | 7620 |
| 650 14 - PUNTO DE ACCESO ADICIONAL DE MATERIA--TÉRMINO DE MATERIA | |
| Término de materia o nombre geográfico como elemento de entrada | Pinturas españolas |
| 9 (RLIN) | 7789 |
| 650 14 - PUNTO DE ACCESO ADICIONAL DE MATERIA--TÉRMINO DE MATERIA | |
| Término de materia o nombre geográfico como elemento de entrada | Galerías y museos |
| Subdivisión geográfica | Estados Unidos |
| 9 (RLIN) | 7437 |
| 710 2# - PUNTO DE ACCESO ADICIONAL--NOMBRE DE ENTIDAD CORPORATIVA | |
| Nombre de entidad corporativa o nombre de jurisdicción como elemento de entrada | The Hispanic Society of America |
| 9 (RLIN) | 10966 |
| 902 ## - CATALOGADOR | |
| Iniciales | GFM |
| 942 ## - ELEMENTOS DE PUNTO DE ACCESO ADICIONAL (KOHA) | |
| Fuente del sistema de clasificación o colocación | Library of Congress Classification |
| Tipo de ítem Koha | Libros |
| Estado de retiro | Estado de pérdida | Estado dañado | No para préstamo | Localización permanente | Ubicación/localización actual | Fecha de adquisición | Número de inventario | Total de préstamos | Signatura topográfica completa | Código de barras | Fecha visto por última vez | Precio válido a partir de | Tipo de ítem Koha |
|---|---|---|---|---|---|---|---|---|---|---|---|---|---|
| El ejemplar forma parte de la colección y puede ser consultado según las políticas vigentes. | Biblioteca del Museo Franz Mayer (Rogerio Casas-Alatriste) | Biblioteca del Museo Franz Mayer (Rogerio Casas-Alatriste) | 09/12/2010 | M21 | ND813.R52 .T73 1937 (M21) | 5838 | 22/03/2019 | 22/03/2019 | Libros |